[Event "Latvian Teams Chess Championship Higher League 2019"]
[Site "Riga Chess School, 10 Pernavas Street, Riga, Latvia"]
[Date "2019.06.08"]
[Round "4.17"]
[White "Gutmans, Mihail"]
[Black "Grasis, Janis"]
[Result "1-0"]
[TimeControl "Standard: 90 minutes with 30 second increment from move 1"]
[BlackTitle "FM"]
[WhiteFideId "11602040"]
[BlackFideId "11601990"]
[WhiteElo "2167"]
[BlackElo "2262"]

1. d4 {[%clk 01:30:57]} {[%emt 00:00:02]} Nf6 {[%clk 01:30:34]} {[%emt
00:00:26]} 2. c4 {[%clk 01:31:23]} {[%emt 00:00:05]} e6 {[%clk 01:30:24]}
{[%emt 00:00:40]} 3. Nc3 {[%clk 01:31:51]} {[%emt 00:00:02]} Bb4 {[%clk
01:30:42]} {[%emt 00:00:11]} 4. f3 {[%clk 01:29:52]} {[%emt 00:02:29]} d5
{[%clk 01:30:50]} {[%emt 00:00:22]} 5. a3 {[%clk 01:30:05]} {[%emt 00:00:17]}
Bxc3+ {[%clk 01:31:06]} {[%emt 00:00:14]} 6. bxc3 {[%clk 01:30:34]} {[%emt
00:00:01]} c5 {[%clk 01:31:18]} {[%emt 00:00:18]} 7. cxd5 {[%clk 01:29:36]}
{[%emt 00:01:29]} Nxd5 {[%clk 01:31:20]} {[%emt 00:00:27]} 8. dxc5 {[%clk
01:27:42]} {[%emt 00:02:23]} f5 {[%clk 01:31:18]} {[%emt 00:00:33]} 9. c4
{[%clk 01:18:05]} {[%emt 00:10:07]} Qf6 {[%clk 01:26:08]} {[%emt 00:05:40]} 10.
Rb1 {[%clk 01:06:36]} {[%emt 00:12:00]} Nc3 {[%clk 01:19:11]} {[%emt 00:07:27]}
11. Bb2 {[%clk 01:03:19]} {[%emt 00:03:46]} Qh4+ {[%clk 01:18:14]} {[%emt
00:01:27]} 12. g3 {[%clk 01:03:42]} {[%emt 00:00:08]} Nxd1 {[%clk 01:17:36]}
{[%emt 00:01:08]} 13. gxh4 {[%clk 01:04:02]} {[%emt 00:00:10]} Nxb2 {[%clk
01:17:52]} {[%emt 00:00:13]} 14. Rxb2 {[%clk 01:04:31]} {[%emt 00:00:02]} Nd7
{[%clk 01:17:36]} {[%emt 00:00:44]} 15. c6 {[%clk 01:01:17]} {[%emt 00:03:45]}
bxc6 {[%clk 01:17:34]} {[%emt 00:00:32]} 16. f4 {[%clk 01:01:08]} {[%emt
00:00:39]} e5 {[%clk 01:15:55]} {[%emt 00:02:09]} 17. Bh3 {[%clk 00:40:36]}
{[%emt 00:21:02]} g6 {[%clk 01:13:58]} {[%emt 00:02:27]} 18. fxe5 {[%clk
00:37:36]} {[%emt 00:03:31]} Nxe5 {[%clk 01:14:19]} {[%emt 00:00:09]} 19. c5
{[%clk 00:36:38]} {[%emt 00:01:28]} Be6 {[%clk 01:13:09]} {[%emt 00:01:41]} 20.
Nf3 {[%clk 00:36:06]} {[%emt 00:01:02]} Nc4 {[%clk 01:05:18]} {[%emt 00:08:20]}
21. Rb7 {[%clk 00:34:48]} {[%emt 00:01:48]} Nxa3 {[%clk 01:03:28]} {[%emt
00:02:19]} 22. e4 {[%clk 00:31:17]} {[%emt 00:04:00]} O-O {[%clk 01:01:57]}
{[%emt 00:02:00]} 23. Ng5 {[%clk 00:29:57]} {[%emt 00:01:52]} Bc8 {[%clk
01:01:53]} {[%emt 00:00:34]} 24. Rxh7 {[%clk 00:28:45]} {[%emt 00:01:42]} fxe4
{[%clk 01:01:30]} {[%emt 00:00:52]} 25. Bxc8 {[%clk 00:20:16]} {[%emt
00:08:59]} Raxc8 {[%clk 00:55:52]} {[%emt 00:06:08]} 26. Ke2 {[%clk 00:18:57]}
{[%emt 00:01:49]} Nb5 {[%clk 00:55:42]} {[%emt 00:00:39]} 27. Ke3 {[%clk
00:15:21]} {[%emt 00:04:09]} Rf5 {[%clk 00:54:57]} {[%emt 00:01:12]} 28. Rb7
{[%clk 00:11:59]} {[%emt 00:03:53]} Rxc5 {[%clk 00:53:26]} {[%emt 00:02:01]} 29.
Ne6 {[%clk 00:11:39]} {[%emt 00:00:49]} Rh5 {[%clk 00:43:12]} {[%emt 00:10:46]}
30. Rg1 {[%clk 00:09:06]} {[%emt 00:03:02]} Kh8 {[%clk 00:42:03]} {[%emt
00:01:38]} 31. Nf4 {[%clk 00:08:20]} {[%emt 00:01:18]} Rg8 {[%clk 00:37:48]}
{[%emt 00:04:45]} 32. Nxg6+ {[%clk 00:06:19]} {[%emt 00:02:30]} Rxg6 {[%clk
00:38:10]} {[%emt 00:00:08]} 33. Rxg6 {[%clk 00:06:47]} {[%emt 00:00:02]} Rxh4
{[%clk 00:38:26]} {[%emt 00:00:15]} 34. Rxc6 {[%clk 00:06:15]} {[%emt
00:01:01]} Rh3+ {[%clk 00:38:40]} {[%emt 00:00:16]} 35. Kf4 {[%clk 00:04:11]}
{[%emt 00:02:33]} 1-0

[Event "Latvian Teams Chess Championship Higher League 2019"]
[Site "Riga Chess School, 10 Pernavas Street, Riga, Latvia"]
[Date "2019.06.08"]
[Round "4.18"]
[White "Krums, Ilmars"]
[Black "Kapce, Viesturs"]
[Result "1-0"]
[TimeControl "Standard: 90 minutes with 30 second increment from move 1"]
[WhiteFideId "11600730"]
[BlackFideId "11602562"]
[WhiteElo "1943"]
[BlackElo "2083"]

1. d4 {[%clk 01:30:30]} {[%emt 00:31:42]} d6 {[%clk 01:30:55]} {[%emt
00:00:07]} 2. e4 {[%clk 01:30:54]} {[%emt 00:00:06]} Nf6 {[%clk 01:31:16]}
{[%emt 00:00:08]} 3. Nc3 {[%clk 01:31:24]} e5 {[%clk 01:31:37]} {[%emt
00:00:09]} 4. dxe5 {[%clk 01:31:49]} {[%emt 00:00:06]} dxe5 {[%clk 01:32:01]}
{[%emt 00:00:06]} 5. Qxd8+ {[%clk 01:32:18]} {[%emt 00:00:01]} Kxd8 {[%clk
01:32:24]} {[%emt 00:00:07]} 6. Bg5 {[%clk 01:32:41]} {[%emt 00:00:06]} Be6
{[%clk 01:32:41]} {[%emt 00:00:13]} 7. O-O-O+ {[%clk 01:33:09]} {[%emt
00:00:03]} Kc8 {[%clk 01:33:03]} {[%emt 00:00:08]} 8. f3 {[%clk 01:27:10]}
{[%emt 00:06:28]} Nbd7 {[%clk 01:32:16]} {[%emt 00:01:17]} 9. Bb5 {[%clk
01:25:39]} {[%emt 00:02:02]} c6 {[%clk 01:31:46]} {[%emt 00:01:00]} 10. Ba4
{[%clk 01:26:07]} {[%emt 00:00:01]} Nc5 {[%clk 01:29:49]} {[%emt 00:02:27]} 11.
Bb3 {[%clk 01:24:14]} {[%emt 00:02:24]} Nxb3+ {[%clk 01:29:53]} {[%emt
00:00:26]} 12. axb3 {[%clk 01:24:43]} {[%emt 00:00:01]} Be7 {[%clk 01:29:14]}
{[%emt 00:01:09]} 13. Nge2 {[%clk 01:24:54]} {[%emt 00:00:19]} Rd8 {[%clk
01:17:49]} {[%emt 00:11:54]} 14. Be3 {[%clk 01:24:32]} {[%emt 00:00:52]} Kc7
{[%clk 01:16:45]} {[%emt 00:01:33]} 15. Rxd8 {[%clk 01:24:10]} {[%emt
00:00:53]} Kxd8 {[%clk 01:10:22]} {[%emt 00:06:54]} 16. Kd2 {[%clk 01:10:53]}
{[%emt 00:13:47]} Nd7 {[%clk 01:08:41]} {[%emt 00:02:11]} 17. Ra1 {[%clk
01:11:00]} {[%emt 00:00:23]} Bc5 {[%clk 01:08:16]} {[%emt 00:00:55]} 18. Bxc5
{[%clk 01:09:42]} {[%emt 00:01:48]} Nxc5 {[%clk 01:08:38]} {[%emt 00:00:08]} 19.
b4 {[%clk 01:09:50]} {[%emt 00:00:21]} Nd7 {[%clk 01:08:22]} {[%emt 00:00:46]}
20. b5 {[%clk 01:10:03]} {[%emt 00:00:18]} Kc7 {[%clk 01:03:22]} {[%emt
00:05:29]} 21. bxc6 {[%clk 01:07:10]} {[%emt 00:03:24]} Kxc6 {[%clk 01:03:15]}
{[%emt 00:00:37]} 22. Ke3 {[%clk 01:07:08]} {[%emt 00:00:32]} a6 {[%clk
00:58:13]} {[%emt 00:05:32]} 23. Rd1 {[%clk 00:58:43]} {[%emt 00:08:54]} Nb6
{[%clk 00:56:21]} {[%emt 00:02:22]} 24. b3 {[%clk 00:58:52]} {[%emt 00:00:22]}
a5 {[%clk 00:52:50]} {[%emt 00:04:00]} 25. f4 {[%clk 00:53:58]} {[%emt
00:05:23]} f6 {[%clk 00:50:26]} {[%emt 00:02:54]} 26. fxe5 {[%clk 00:42:46]}
{[%emt 00:11:42]} fxe5 {[%clk 00:50:50]} {[%emt 00:00:07]} 27. Ng1 {[%clk
00:43:15]} Nd7 {[%clk 00:28:31]} {[%emt 00:22:49]} 28. Nf3 {[%clk 00:33:04]}
{[%emt 00:10:42]} b5 {[%clk 00:21:45]} {[%emt 00:07:16]} 29. Ng5 {[%clk
00:19:27]} {[%emt 00:14:06]} Bg8 {[%clk 00:09:47]} {[%emt 00:12:27]} 30. Nxb5
{[%clk 00:19:37]} {[%emt 00:00:21]} Nf6 {[%clk 00:04:20]} {[%emt 00:05:57]} 31.
Nc3 {[%clk 00:16:35]} {[%emt 00:03:32]} Kc5 {[%clk 00:03:11]} {[%emt 00:01:39]}
32. Nf3 {[%clk 00:06:30]} {[%emt 00:10:35]} Kb4 {[%clk 00:02:23]} {[%emt
00:01:18]} 33. Nd5+ {[%clk 00:06:17]} {[%emt 00:00:43]} Bxd5 {[%clk 00:01:39]}
{[%emt 00:01:14]} 34. exd5 {[%clk 00:06:46]} {[%emt 00:00:01]} Kc3 {[%clk
00:01:39]} {[%emt 00:00:29]} 35. Ne1 {[%clk 00:06:23]} {[%emt 00:00:53]} Rd8
{[%clk 00:01:16]} {[%emt 00:00:53]} 36. Rd3+ {[%clk 00:04:04]} {[%emt
00:02:48]} Kb2 {[%clk 00:01:04]} {[%emt 00:00:42]} 37. d6 {[%clk 00:04:14]}
{[%emt 00:00:21]} Ne8 {[%clk 00:00:58]} {[%emt 00:00:36]} 38. Rd5 {[%clk
00:03:12]} {[%emt 00:01:32]} Nxd6 {[%clk 00:00:44]} {[%emt 00:00:45]} 39. Rxa5
{[%clk 00:03:18]} {[%emt 00:00:23]} Nf5+ {[%clk 00:00:48]} {[%emt 00:00:26]} 40.
Ke4 {[%clk 00:02:29]} {[%emt 00:01:19]} Nd4 {[%clk 00:01:10]} {[%emt 00:00:09]}
41. Rc5 {[%clk 00:02:41]} {[%emt 00:00:18]} Ne2 {[%clk 00:00:35]} {[%emt
00:01:04]} 42. Nd3+ {[%emt 00:00:54]} Kb1 {[%clk 00:00:35]} {[%emt 00:00:03]}
43. b4 {[%clk 00:02:50]} {[%emt 00:00:24]} Nd4 {[%clk 00:00:35]} {[%emt
00:00:30]} 44. c3 {[%clk 00:03:04]} {[%emt 00:00:17]} Nb3 {[%clk 00:00:36]}
{[%emt 00:00:29]} 45. Rd5 {[%clk 00:02:25]} {[%emt 00:01:09]} Rc8 {[%clk
00:00:34]} {[%emt 00:00:32]} 46. Nc5 {[%clk 00:02:38]} {[%emt 00:00:16]} Kc2
{[%clk 00:00:42]} {[%emt 00:00:22]} 47. Nxb3 {[%clk 00:02:49]} {[%emt
00:00:20]} Kxb3 {[%clk 00:00:33]} {[%emt 00:00:38]} 48. Rc5 {[%clk 00:03:14]}
{[%emt 00:00:05]} Rf8 {[%clk 00:00:36]} {[%emt 00:00:27]} 49. b5 {[%clk
00:03:27]} {[%emt 00:00:17]} Ka4 {[%clk 00:00:36]} {[%emt 00:00:30]} 50. c4
{[%clk 00:03:43]} {[%emt 00:00:14]} Kb4 {[%clk 00:00:32]} {[%emt 00:00:33]} 51.
Rc6 {[%clk 00:04:06]} {[%emt 00:00:07]} Re8 {[%clk 00:00:42]} {[%emt 00:00:20]}
52. b6 {[%clk 00:04:29]} {[%emt 00:00:07]} Ka5 {[%clk 00:00:55]} {[%emt
00:00:16]} 53. c5 {[%clk 00:04:54]} {[%emt 00:00:06]} Ka6 {[%clk 00:01:11]}
{[%emt 00:00:13]} 54. Rc7 {[%clk 00:05:22]} {[%emt 00:00:02]} 1-0

[Event "Latvian Teams Chess Championship Higher League 2019"]
[Site "Riga Chess School, 10 Pernavas Street, Riga, Latvia"]
[Date "2019.06.08"]
[Round "4.19"]
[White "Bagatais, Janis"]
[Black "Mierins, Emils Janis"]
[Result "0-1"]
[TimeControl "Standard: 90 minutes with 30 second increment from move 1"]
[WhiteFideId "11606665"]
[BlackFideId "11616830"]
[WhiteElo "1805"]
[BlackElo "1625"]

1. e4 {[%clk 01:19:59]} {[%emt 00:11:00]} c5 {[%clk 01:30:38]} {[%emt
00:00:21]} 2. Nf3 {[%clk 01:20:14]} {[%emt 00:00:16]} e6 {[%clk 01:30:26]}
{[%emt 00:00:41]} 3. Nc3 {[%clk 01:20:08]} {[%emt 00:00:37]} a6 {[%clk
01:30:44]} {[%emt 00:00:12]} 4. d4 {[%clk 01:20:09]} {[%emt 00:00:29]} cxd4
{[%clk 01:31:03]} {[%emt 00:00:10]} 5. Nxd4 {[%clk 01:20:34]} {[%emt 00:00:06]}
Qc7 {[%clk 01:31:21]} {[%emt 00:00:11]} 6. Be2 {[%clk 01:17:56]} {[%emt
00:03:09]} Bb4 {[%clk 01:30:16]} {[%emt 00:01:35]} 7. O-O {[%clk 01:17:30]}
{[%emt 00:00:56]} Nf6 {[%clk 01:28:38]} {[%emt 00:02:08]} 8. Qd3 {[%clk
01:10:39]} {[%emt 00:07:21]} d6 {[%clk 01:25:39]} {[%emt 00:03:29]} 9. Qg3
{[%clk 01:04:35]} {[%emt 00:06:34]} Nbd7 {[%clk 01:19:13]} {[%emt 00:06:56]} 10.
Nd1 {[%clk 00:58:59]} {[%emt 00:06:05]} Kf8 {[%clk 01:08:11]} {[%emt 00:11:31]}
11. c3 {[%clk 00:55:28]} {[%emt 00:04:02]} Bc5 {[%clk 01:07:03]} {[%emt
00:01:38]} 12. Bf3 {[%clk 00:49:10]} {[%emt 00:06:48]} h5 {[%clk 01:01:59]}
{[%emt 00:05:35]} 13. Bg5 {[%clk 00:46:18]} {[%emt 00:03:22]} Ne5 {[%clk
00:50:39]} {[%emt 00:11:50]} 14. Bxf6 {[%clk 00:36:53]} {[%emt 00:09:55]} gxf6
{[%clk 00:50:04]} {[%emt 00:01:05]} 15. Qh4 {[%clk 00:32:07]} {[%emt 00:05:16]}
Qe7 {[%clk 00:49:39]} {[%emt 00:00:56]} 16. Bxh5 {[%clk 00:27:49]} {[%emt
00:04:48]} Bxd4 {[%clk 00:49:19]} {[%emt 00:00:49]} 17. cxd4 {[%clk 00:28:07]}
{[%emt 00:00:12]} Ng6 {[%clk 00:49:39]} {[%emt 00:00:11]} 18. Qg4 {[%clk
00:28:04]} {[%emt 00:00:33]} e5 {[%clk 00:50:01]} {[%emt 00:00:07]} 19. Qf3
{[%clk 00:28:07]} {[%emt 00:00:27]} Nf4 {[%clk 00:50:08]} {[%emt 00:00:23]} 20.
Bg4 {[%clk 00:28:23]} {[%emt 00:00:14]} Bxg4 {[%clk 00:49:38]} {[%emt
00:01:00]} 21. Qxg4 {[%clk 00:28:51]} {[%emt 00:00:02]} Rg8 {[%clk 00:49:38]}
{[%emt 00:00:30]} 22. Qh4 {[%clk 00:28:09]} {[%emt 00:01:12]} Nxg2 {[%clk
00:45:03]} {[%emt 00:05:06]} 23. Qh6+ {[%clk 00:28:26]} {[%emt 00:00:13]} Ke8
{[%clk 00:45:27]} {[%emt 00:00:06]} 24. Kh1 {[%clk 00:28:42]} {[%emt 00:00:14]}
Nf4 {[%clk 00:44:08]} {[%emt 00:01:49]} 25. Ne3 {[%clk 00:27:09]} {[%emt
00:02:03]} Kd7 {[%clk 00:40:04]} {[%emt 00:04:33]} 26. Nf5 {[%clk 00:25:39]}
{[%emt 00:02:00]} Rh8 {[%clk 00:25:48]} {[%emt 00:14:46]} 27. Qxh8 {[%clk
00:24:34]} {[%emt 00:01:35]} Rxh8 {[%clk 00:26:09]} {[%emt 00:00:09]} 28. Nxe7
{[%clk 00:24:58]} {[%emt 00:00:06]} Kxe7 {[%clk 00:26:18]} {[%emt 00:00:21]} 29.
f3 {[%clk 00:21:52]} {[%emt 00:03:36]} exd4 {[%clk 00:25:26]} {[%emt 00:01:22]}
30. Rg1 {[%clk 00:20:42]} {[%emt 00:01:40]} Ke6 {[%clk 00:24:17]} {[%emt
00:01:39]} 31. Rg4 {[%clk 00:20:40]} {[%emt 00:00:32]} Ke5 {[%clk 00:22:53]}
{[%emt 00:01:54]} 32. Rg7 {[%clk 00:21:02]} {[%emt 00:00:08]} Ke6 {[%clk
00:18:52]} {[%emt 00:04:32]} 33. Rd1 {[%clk 00:16:17]} {[%emt 00:05:14]} Rc8
{[%clk 00:18:05]} {[%emt 00:01:17]} 34. Rd2 {[%clk 00:15:42]} {[%emt 00:01:06]}
d3 {[%clk 00:17:12]} {[%emt 00:01:23]} 35. Rg1 {[%clk 00:14:56]} {[%emt
00:01:15]} Ke5 {[%clk 00:16:08]} {[%emt 00:01:34]} 36. h4 {[%clk 00:09:22]}
{[%emt 00:06:04]} Kd4 {[%clk 00:14:36]} {[%emt 00:02:02]} 37. Rgd1 {[%clk
00:06:29]} {[%emt 00:03:24]} Ke3 {[%clk 00:13:20]} {[%emt 00:01:45]} 38. Kg1
{[%clk 00:05:42]} {[%emt 00:01:17]} Rc2 {[%clk 00:02:57]} {[%emt 00:10:53]} 39.
Rh2 {[%clk 00:05:55]} {[%emt 00:00:18]} f5 {[%clk 00:02:15]} {[%emt 00:01:12]}
40. exf5 {[%clk 00:04:36]} {[%emt 00:01:49]} d5 {[%clk 00:02:38]} {[%emt
00:00:07]} 41. h5 {[%clk 00:02:23]} {[%emt 00:02:43]} Rxh2 {[%clk 00:02:42]}
{[%emt 00:00:26]} 42. Kxh2 {[%clk 00:02:52]} Nxh5 {[%clk 00:03:05]} {[%emt
00:00:07]} 43. Re1+ {[%clk 00:03:01]} {[%emt 00:00:21]} Kf2 {[%clk 00:03:14]}
{[%emt 00:00:21]} 44. Re5 {[%clk 00:03:04]} {[%emt 00:00:27]} Nf4 {[%clk
00:03:00]} {[%emt 00:00:44]} 0-1

[Event "Latvian Teams Chess Championship Higher League 2019"]
[Site "Riga Chess School, 10 Pernavas Street, Riga, Latvia"]
[Date "2019.06.08"]
[Round "4.20"]
[White "Berzina, Ilze"]
[Black "Kane, Marta"]
[Result "1-0"]
[TimeControl "Standard: 90 minutes with 30 second increment from move 1"]
[WhiteTitle "WGM"]
[WhiteFideId "11601345"]
[BlackFideId "11603569"]
[WhiteElo "2252"]
[BlackElo "1813"]

1. e4 {[%clk 01:30:57]} {[%emt 00:00:02]} c5 {[%clk 01:30:51]} {[%emt
00:00:09]} 2. Nf3 {[%clk 01:31:16]} {[%emt 00:00:12]} e6 {[%clk 01:30:57]}
{[%emt 00:00:23]} 3. c4 {[%clk 01:30:00]} {[%emt 00:01:45]} Nc6 {[%clk
01:31:05]} {[%emt 00:00:21]} 4. Nc3 {[%clk 01:30:11]} {[%emt 00:00:20]} a6
{[%clk 01:31:28]} {[%emt 00:00:08]} 5. d4 {[%clk 01:27:37]} {[%emt 00:03:03]}
cxd4 {[%clk 01:30:35]} {[%emt 00:01:23]} 6. Nxd4 {[%clk 01:28:04]} {[%emt
00:00:02]} Nf6 {[%clk 01:27:27]} {[%emt 00:03:38]} 7. Nxc6 {[%clk 01:24:46]}
{[%emt 00:03:48]} dxc6 {[%clk 01:23:34]} {[%emt 00:04:23]} 8. Qxd8+ {[%clk
01:24:17]} {[%emt 00:01:00]} Kxd8 {[%clk 01:23:55]} {[%emt 00:00:09]} 9. Bf4
{[%clk 01:23:25]} {[%emt 00:01:21]} h6 {[%clk 01:14:02]} {[%emt 00:10:23]} 10.
O-O-O+ {[%clk 01:23:01]} {[%emt 00:00:54]} Nd7 {[%clk 01:13:54]} {[%emt
00:00:38]} 11. Be2 {[%clk 01:18:18]} {[%emt 00:05:13]} Bc5 {[%clk 01:11:53]}
{[%emt 00:02:31]} 12. Bg3 {[%clk 01:12:50]} {[%emt 00:05:59]} Ke7 {[%clk
01:01:36]} {[%emt 00:10:47]} 13. e5 {[%clk 01:06:41]} {[%emt 00:06:38]} Rd8
{[%clk 00:50:13]} {[%emt 00:11:53]} 14. Ne4 {[%clk 01:06:26]} {[%emt 00:00:45]}
f6 {[%clk 00:42:44]} {[%emt 00:07:59]} 15. exf6+ {[%clk 01:05:41]} {[%emt
00:01:15]} gxf6 {[%clk 00:42:38]} {[%emt 00:00:37]} 16. Bc7 {[%clk 01:05:28]}
{[%emt 00:00:43]} Bb6 {[%clk 00:40:10]} {[%emt 00:02:58]} 17. Rxd7+ {[%clk
00:59:47]} {[%emt 00:06:11]} Bxd7 {[%clk 00:36:58]} {[%emt 00:03:41]} 18. Bxb6
{[%clk 00:59:27]} {[%emt 00:00:51]} Rg8 {[%clk 00:36:24]} {[%emt 00:01:04]} 19.
Bc5+ {[%clk 00:59:06]} {[%emt 00:00:51]} Kf7 {[%clk 00:34:59]} {[%emt
00:01:56]} 20. Rd1 {[%clk 00:59:16]} {[%emt 00:00:20]} Be8 {[%clk 00:19:21]}
{[%emt 00:16:08]} 21. Nd6+ {[%clk 00:57:16]} {[%emt 00:02:29]} 1-0

[Event "Latvian Teams Chess Championship Higher League 2019"]
[Site "Riga Chess School, 10 Pernavas Street, Riga, Latvia"]
[Date "2019.06.08"]
[Round "5.1"]
[White "Antoms, Guntars"]
[Black "Meshkovs, Nikita"]
[Result "1-0"]
[TimeControl "Standard: 90 minutes with 30 second increment from move 1"]
[WhiteTitle "IM"]
[BlackTitle "GM"]
[WhiteFideId "11601469"]
[BlackFideId "11602740"]
[WhiteElo "2332"]
[BlackElo "2550"]

1. e4 {[%clk 01:29:40]} {[%emt 00:01:19]} c5 {[%clk 01:30:44]} {[%emt
00:00:17]} 2. Nc3 {[%clk 01:29:05]} {[%emt 00:01:06]} Nc6 {[%clk 01:28:55]}
{[%emt 00:02:18]} 3. Nf3 {[%clk 01:29:10]} {[%emt 00:00:25]} d6 {[%clk
01:28:39]} {[%emt 00:00:46]} 4. d4 {[%clk 01:28:22]} {[%emt 00:01:18]} cxd4
{[%clk 01:29:03]} {[%emt 00:00:06]} 5. Nxd4 {[%clk 01:28:46]} {[%emt 00:00:06]}
Nf6 {[%clk 01:29:29]} {[%emt 00:00:04]} 6. Bb5 {[%clk 01:25:29]} {[%emt
00:03:47]} Bd7 {[%clk 01:29:38]} {[%emt 00:00:20]} 7. O-O {[%clk 01:25:50]}
{[%emt 00:00:10]} a6 {[%clk 01:24:43]} {[%emt 00:05:26]} 8. Nxc6 {[%clk
01:24:01]} {[%emt 00:02:18]} bxc6 {[%clk 01:24:53]} {[%emt 00:00:19]} 9. Bc4
{[%clk 01:24:15]} {[%emt 00:00:17]} g6 {[%clk 01:10:57]} {[%emt 00:14:26]} 10.
Qe2 {[%clk 01:24:11]} {[%emt 00:00:34]} Qa5 {[%clk 01:05:36]} {[%emt 00:05:51]}
11. Bd2 {[%clk 01:22:18]} {[%emt 00:02:23]} Bg7 {[%clk 01:04:46]} {[%emt
00:01:20]} 12. Rfe1 {[%clk 01:13:21]} {[%emt 00:09:27]} O-O {[%clk 01:04:33]}
{[%emt 00:00:43]} 13. Rad1 {[%clk 01:12:17]} {[%emt 00:01:34]} Qb6 {[%clk
01:00:24]} {[%emt 00:04:38]} 14. Na4 {[%clk 01:08:07]} {[%emt 00:04:41]} Qc7
{[%clk 00:57:45]} {[%emt 00:03:08]} 15. e5 {[%clk 01:05:17]} {[%emt 00:03:21]}
Nd5 {[%clk 00:54:26]} {[%emt 00:03:49]} 16. exd6 {[%clk 01:03:41]} {[%emt
00:02:07]} exd6 {[%clk 00:54:48]} {[%emt 00:00:07]} 17. h3 {[%clk 01:02:27]}
{[%emt 00:01:44]} a5 {[%clk 00:52:13]} {[%emt 00:03:05]} 18. Qf3 {[%clk
01:01:30]} {[%emt 00:01:27]} Bf5 {[%clk 00:45:21]} {[%emt 00:07:21]} 19. Bb3
{[%clk 00:54:38]} {[%emt 00:07:23]} Be5 {[%clk 00:41:08]} {[%emt 00:04:43]} 20.
Bh6 {[%clk 00:52:41]} {[%emt 00:02:27]} Bg7 {[%clk 00:35:24]} {[%emt 00:06:15]}
21. Bxg7 {[%clk 00:51:42]} {[%emt 00:01:29]} Kxg7 {[%clk 00:35:47]} {[%emt
00:00:06]} 22. Bxd5 {[%clk 00:46:14]} {[%emt 00:05:58]} cxd5 {[%clk 00:36:02]}
{[%emt 00:00:14]} 23. Nc3 {[%clk 00:46:39]} {[%emt 00:00:05]} Be6 {[%clk
00:33:52]} {[%emt 00:02:40]} 24. Re2 {[%clk 00:42:41]} {[%emt 00:04:29]} Rfb8
{[%clk 00:17:13]} {[%emt 00:17:08]} 25. b3 {[%clk 00:40:33]} {[%emt 00:02:38]}
Ra6 {[%clk 00:12:26]} {[%emt 00:05:18]} 26. Nxd5 {[%clk 00:36:52]} {[%emt
00:04:11]} Bxd5 {[%clk 00:12:44]} {[%emt 00:00:12]} 27. Rxd5 {[%clk 00:37:02]}
{[%emt 00:00:20]} a4 {[%clk 00:12:51]} {[%emt 00:00:23]} 28. Qd3 {[%clk
00:35:21]} {[%emt 00:02:11]} axb3 {[%clk 00:06:14]} {[%emt 00:07:07]} 29. axb3
{[%clk 00:34:51]} {[%emt 00:01:00]} Rc6 {[%clk 00:03:10]} {[%emt 00:03:34]} 30.
g3 {[%clk 00:29:40]} {[%emt 00:05:40]} Qd8 {[%clk 00:02:26]} {[%emt 00:01:14]}
31. Rd2 {[%clk 00:26:42]} {[%emt 00:03:28]} Rbb6 {[%clk 00:02:22]} {[%emt
00:00:34]} 32. h4 {[%clk 00:25:32]} {[%emt 00:01:40]} h5 {[%clk 00:02:32]}
{[%emt 00:00:20]} 33. c4 {[%clk 00:25:09]} {[%emt 00:00:53]} Qf6 {[%clk
00:02:54]} {[%emt 00:00:07]} 34. Kg2 {[%clk 00:25:19]} {[%emt 00:00:21]} Rb4
{[%clk 00:01:12]} {[%emt 00:02:12]} 35. Qe3 {[%clk 00:22:58]} {[%emt 00:02:51]}
Rcb6 {[%clk 00:00:59]} {[%emt 00:00:44]} 36. R2d3 {[%clk 00:23:25]} {[%emt
00:00:02]} Ra6 {[%clk 00:00:31]} {[%emt 00:00:58]} 37. Rb5 {[%clk 00:22:31]}
{[%emt 00:01:23]} Rxb5 {[%emt 00:00:10]} 38. cxb5 {[%clk 00:22:59]} {[%emt
00:00:01]} Ra8 {[%clk 00:00:31]} {[%emt 00:00:52]} 39. Qb6 {[%clk 00:22:30]}
{[%emt 00:00:59]} Ra2 {[%clk 00:00:31]} {[%emt 00:00:30]} 40. Qd4 {[%clk
00:21:29]} {[%emt 00:01:31]} Qe5 {[%clk 00:00:31]} {[%emt 00:00:30]} 41. b6
{[%clk 00:21:21]} {[%emt 00:00:37]} Ra5 {[%clk 00:00:35]} {[%emt 00:00:26]} 42.
Qxd6 {[%clk 00:16:20]} {[%emt 00:05:32]} Qe4+ {[%clk 00:00:58]} {[%emt
00:00:07]} 43. Kh2 {[%clk 00:15:54]} {[%emt 00:00:56]} Rb5 {[%clk 00:00:39]}
{[%emt 00:00:49]} 44. Rd4 {[%clk 00:14:11]} {[%emt 00:02:13]} Qb7 {[%clk
00:00:32]} {[%emt 00:00:37]} 45. Rb4 {[%clk 00:13:35]} {[%emt 00:01:05]} Rf5
{[%clk 00:00:45]} {[%emt 00:00:17]} 46. Qd4+ {[%clk 00:13:38]} {[%emt
00:00:28]} Kh7 {[%clk 00:00:58]} {[%emt 00:00:18]} 47. Rc4 {[%clk 00:13:14]}
{[%emt 00:00:53]} Rb5 {[%clk 00:00:32]} {[%emt 00:00:56]} 48. Rc7 {[%clk
00:13:36]} {[%emt 00:00:08]} Qf3 {[%clk 00:01:00]} {[%emt 00:00:02]} 49. Rc8
{[%clk 00:13:23]} {[%emt 00:00:43]} Re5 {[%clk 00:00:55]} {[%emt 00:00:35]} 50.
Rh8+ {[%clk 00:12:39]} {[%emt 00:01:14]} Kxh8 {[%clk 00:01:16]} {[%emt
00:00:09]} 51. Qxe5+ {[%clk 00:13:04]} {[%emt 00:00:05]} Kg8 {[%clk 00:01:00]}
{[%emt 00:00:46]} 52. Qe3 {[%clk 00:13:11]} {[%emt 00:00:23]} Qc6 {[%clk
00:01:28]} {[%emt 00:00:01]} 53. b4 {[%clk 00:13:13]} {[%emt 00:00:29]} Qb7
{[%clk 00:00:34]} {[%emt 00:01:23]} 54. Qd4 {[%clk 00:12:24]} {[%emt 00:01:19]}
Qf3 {[%clk 00:00:33]} {[%emt 00:00:32]} 55. Kg1 {[%clk 00:12:38]} {[%emt
00:00:16]} Kh7 {[%clk 00:00:57]} {[%emt 00:00:07]} 56. Qd7 {[%clk 00:12:39]}
{[%emt 00:00:28]} Qb3 {[%clk 00:00:32]} {[%emt 00:00:54]} 57. b7 {[%clk
00:12:30]} {[%emt 00:00:39]} Qb1+ {[%clk 00:01:01]} {[%emt 00:00:02]} 58. Kh2
{[%clk 00:12:46]} {[%emt 00:00:13]} Qxb4 {[%clk 00:01:04]} {[%emt 00:00:28]} 59.
Qxf7+ {[%clk 00:12:58]} {[%emt 00:00:18]} 1-0